| 000 | 00697nam a2200205 a 4500 | ||
|---|---|---|---|
| 005 | 20210219155653.0 | ||
| 008 | 070306s2005 mx r 000 0 spa d | ||
| 020 | _a8495897342 | ||
| 035 | _aUPN01000149689 | ||
| 049 | _aCG | ||
| 050 | 4 |
_aPQ2063 S3 _bK4.7 |
|
| 100 | 1 | _aKlossowski, Pierre | |
| 245 | 1 | 0 |
_aSade mi prójimo : _bprecedido por el filósofo criminal / _cPierre Klossowski ; tr. Antonio Barreda. |
| 260 |
_aMadrid : _bArena libros, _cc2005. |
||
| 300 | _a142 p. | ||
| 440 | 0 |
_aFilosofía una vez _v20 |
|
| 534 |
_pTítulo original: _tSade mon prochain precédé de le philosophe scélérat |
||
| 600 | 1 | 4 |
_aSADE, DONATIEN-ALPHONSE-FRANÇOIS, _cMARQUES DE, _d1740-1814 |
| 905 | _aLibro | ||
| 999 |
_c121830 _d121830 |
||